| 000 -LEADER | |
|---|---|
| fixed length control field | 00429nam a22001457a 4500 |
| 020 ## - INTERNATIONAL STANDARD BOOK NUMBER | |
| ISBN | 9780073404155 |
| 050 ## - LIBRARY OF CONGRESS CALL NUMBER | |
| Classification number | HM 586 mcl |
| 100 ## - MAIN ENTRY--AUTHOR NAME | |
| Personal name | MCLNTYRE, Lisa J. |
| 245 ## - TITLE STATEMENT | |
| Title | Practical skeptic (The): core concepts in sociology |
| 250 ## - EDITION STATEMENT | |
| Edition statement | 4th |
| 260 ## - PUBLICATION, DISTRIBUTION, ETC. (IMPRINT) | |
| Place of publication | New York, NY |
| Name of publisher | McGraw-Hill / Higher Education |
| Year of publication | 2008 |
| 300 ## - PHYSICAL DESCRIPTION | |
| Number of Pages | xvii, 279p., illus, includes bibliographical references and index |
| 650 ## - SUBJECT ADDED ENTRY--TOPICAL TERM | |
| Topical Term | 1. Sociology |
| 942 ## - ADDED ENTRY ELEMENTS (KOHA) | |
| Koha item type | Books |
| Koha item type | Shelving location | Accession Number | Permanent Location | Current Location | Date acquired | Full call number |
|---|---|---|---|---|---|---|
| Books | Lending | 4030 c1 | Chapman Library | Chapman Library | 2017-02-15 | HM 586 mcl |
| Books | Lending | 4031 c2 | Chapman Library | Chapman Library | 2017-02-15 | HM 586 mcl |
| Books | Lending | 4032 c3 | Chapman Library | Chapman Library | 2017-02-15 | HM 586 mcl |
| Books | Lending | 4033 c4 | Chapman Library | Chapman Library | 2017-02-15 | HM 586 mcl |
| Books | Reference | 4034 c5 | Chapman Library | Chapman Library | 2017-02-15 | HM 586 mcl |
| Books | Reference | 4035 c6 | Chapman Library | Chapman Library | 2017-02-15 | HM 586 mcl |

